000 00481nam a2200169Ia 4500
999 _c22550
_d22550
003 OSt
005 20200215133727.0
008 190216s9999||||xx |||||||||||||| ||und||
040 _coclc
082 _a297
_bOME/K
100 _aOmery, Mohammed Shameem
_91894
245 0 _aKuttikalude Nabi /
_cMohammed Shameem Omery
260 _bGazzali Books,
_c2000.
_aKalanad:
300 _a81p
650 _aIslamic Culture
942 _cBK
_2ddc
_h297
_iOME/K
_k297
_mOME/K